000 00489nam a2200181Ia 4500
005 20250326125136.0
008 250326s9999 xx 000 0 und d
037 _aTextbook
040 _aFMSL
_beng
_cFMSL
041 _aeng
_2eng
084 _aX:972 K9;1
_qFMSL
100 _aFlanders A
245 0 _aCollective bargaining
_cFlanders A
260 _aGreat
_bGreat, Britain Penguin Books
_c1969
300 _a431p
942 _cTB
_hX:972 K9;1
999 _c1276722
_d1276722